[Event "Mittelfranken-chTB2b 1415"]
[Site "Mittelfranken"]
[Date "2015.04.19"]
[Round "9.4"]
[White "Kotz, Roland"]
[Black "Walter, Eugen"]
[Result "1/2-1/2"]
[WhiteElo "1622"]
[BlackElo "1768"]
[PlyCount "66"]
[EventDate "2014.09.28"]
[EventType "team-tourn"]
[EventRounds "9"]
[EventCountry "GER"]
[SourceTitle "EXT 2020"]
[Source "ChessBase"]
[SourceDate "2019.10.17"]
[SourceVersion "1"]
[SourceVersionDate "2019.10.17"]
[SourceQuality "1"]
[WhiteTeam "Kirchehren/Eberm"]
[BlackTeam "Forchheim III"]
[WhiteTeamCountry "GER"]
[BlackTeamCountry "GER"]

1. f4 d5 2. Nf3 c5 3. e3 a6 4. b3 Nc6 5. Bb2 Bg4 6. Be2 e6 7. 0-0 Nf6 8. Ne5 Bxe2 9. Qxe2 Be7 10. d3 0-0 11. Nd2 Rc8 12. Rf3 Ne8 13. Rg3 f5 14. Ndf3 Bf6 15. Ng5 Bxg5 16. Rxg5 d4 17. Nxc6 Rxc6 18. Rf1 e5 19. exd4 exd4 20. Re1 h6 21. Rg3 Nf6 22. Qe7 Qxe7 23. Rxe7 Rf7 24. Re5 Nd7 25. Re8+ Kh7 26. c3 Nf6 27. Re5 Ng4 28. Re8 Nf6 29. Re5 Ng4 30. Re8 Nf6 31. Re2 dxc3 32. Bxc3 Nd5 33. Be5 Rd7 1/2-1/2

[Event "Mittelfranken-chTB2b 1112"]
[Site "Germany"]
[Date "2012.03.25"]
[Round "9.6"]
[White "Kotz, Roland"]
[Black "Walther, Reinhard"]
[Result "1/2-1/2"]
[WhiteElo "1753"]
[BlackElo "1897"]
[PlyCount "67"]
[EventDate "2011.09.25"]
[EventType "team-tourn"]
[EventRounds "9"]
[EventCountry "GER"]
[SourceTitle "EXT 2018"]
[Source "ChessBase"]
[SourceDate "2017.10.13"]
[SourceVersion "1"]
[SourceVersionDate "2017.10.13"]
[SourceQuality "1"]
[WhiteTeam "Kirchehrenbach/Ebermannstadt"]
[BlackTeam "Herzogenaurach"]
[WhiteTeamCountry "GER"]
[BlackTeamCountry "GER"]

1. e4 d6 2. d4 Nf6 3. Nc3 g6 4. Nf3 Bg7 5. Bc4 0-0 6. 0-0 Nxe4 7. Nxe4 d5 8. Bxd5 Qxd5 9. Re1 Bg4 10. c3 Nc6 11. h3 Bxf3 12. Qxf3 Rad8 13. Bf4 e5 14. dxe5 Nxe5 15. Qg3 Nd3 16. Rad1 Qf5 17. Rxd3 Rxd3 18. Qxd3 Qxf4 19. Qd5 c6 20. Qd7 Qe5 21. g3 Qb5 22. Qd2 Qb6 23. Kg2 c5 24. Rd1 Qc6 25. Qd5 Qxd5 26. Rxd5 b6 27. Rd7 f5 28. Nd6 Be5 29. f4 Bxd6 30. Rxd6 Re8 31. Kf2 Re7 32. c4 Kf7 33. b3 h5 34. h4 1/2-1/2

[Event "Mittelfranken-chTB2b 1112"]
[Site "Germany"]
[Date "2012.02.05"]
[Round "6.6"]
[White "Reuter, Roland"]
[Black "Kotz, Roland"]
[Result "1/2-1/2"]
[WhiteElo "1860"]
[BlackElo "1711"]
[PlyCount "110"]
[EventDate "2011.09.25"]
[EventType "team-tourn"]
[EventRounds "9"]
[EventCountry "GER"]
[SourceTitle "EXT 2013"]
[Source "ChessBase"]
[SourceDate "2012.11.22"]
[SourceVersion "1"]
[SourceVersionDate "2012.11.22"]
[SourceQuality "1"]
[WhiteTeam "Muehlhof/Schwabach"]
[BlackTeam "Kirchehrenbach/Ebermannstadt"]
[WhiteTeamCountry "GER"]
[BlackTeamCountry "GER"]

1. c4 g6 2. Nf3 Bg7 3. d4 d5 4. e3 Nf6 5. Nc3 0-0 6. Be2 c6 7. 0-0 dxc4 8. Bxc4 Bg4 9. Be2 Bxf3 10. Bxf3 Re8 11. Qb3 Qc7 12. Bd2 Nbd7 13. Rac1 Qb6 14. Qa3 e5 15. Na4 Qb5 16. Nc5 Bf8 17. b4 Nxc5 18. bxc5 exd4 19. exd4 Ne4 20. Be3 b6 21. Rb1 Qc4 22. Rfc1 Qd5 23. Qa4 b5 24. Qa6 h5 25. Rb2 Kh7 26. Re2 f5 27. Qb7+ Bg7 28. Rd1 Qe6 29. Bf4 Qc8 30. Qf7 Rf8 31. Qb3 Qe8 32. d5 Qf7 33. Bxe4 fxe4 34. Rxe4 cxd5 35. Qxd5 Qxd5 36. Rxd5 Rac8 37. Bd6 Rfd8 38. g3 Bf8 39. Red4 Bg7 40. Rd3 Rd7 41. Kg2 Rc6 42. f4 Ra6 43. a3 Bb2 44. Rb3 Bxa3 45. Rxb5 Bxc5 46. Rbxc5 Raxd6 47. Rxd6 Rxd6 48. Rc7+ Kh6 49. Rxa7 Rd2+ 50. Kh3 Rd6 51. Ra2 Re6 52. Kg2 Rb6 53. Kf3 Rb3+ 54. Kf2 h4 55. gxh4 Rh3 1/2-1/2

[Event "Mittelfranken-chTB2b 1112"]
[Site "Germany"]
[Date "2012.01.15"]
[Round "5.7"]
[White "Leonhardt, Frank"]
[Black "Kotz, Roland"]
[Result "1-0"]
[WhiteElo "1876"]
[BlackElo "1711"]
[PlyCount "75"]
[EventDate "2011.09.25"]
[EventType "team-tourn"]
[EventRounds "9"]
[EventCountry "GER"]
[SourceTitle "EXT 2013"]
[Source "ChessBase"]
[SourceDate "2012.11.22"]
[SourceVersion "1"]
[SourceVersionDate "2012.11.22"]
[SourceQuality "1"]
[WhiteTeam "Schwanstetten"]
[BlackTeam "Kirchehrenbach/Ebermannstadt"]
[WhiteTeamCountry "GER"]
[BlackTeamCountry "GER"]

1. e4 c5 2. Nf3 Nc6 3. d4 cxd4 4. Nxd4 g6 5. c4 Bg7 6. Be3 Nf6 7. Nc3 Qa5 8. Nb3 Qd8 9. Be2 d6 10. 0-0 0-0 11. f3 Be6 12. Rc1 Nd7 13. Qd2 f5 14. Bh6 Qb6+ 15. Kh1 Nde5 16. Nd5 Bxd5 17. Qxd5+ Kh8 18. Bxg7+ Kxg7 19. c5 dxc5 20. Nxc5 Rf6 21. Ne6+ Kh8 22. f4 Nf7 23. Ng5 Nxg5 24. fxg5 Rd6 25. Rxc6 Qxc6 26. Qe5+ Kg8 27. b3 b5 28. Bxb5 Qxe4 29. Bc4+ e6 30. Qxd6 Re8 31. Qd7 Kf8 32. Qxh7 f4 33. Qh8+ Ke7 34. Qf6+ Kd6 35. Qxf4+ Qxf4 36. Rxf4 Ke5 37. Rf6 Rd8 38. Rxe6+ 1-0

[Event "Mittelfranken-chTB2b 1112"]
[Site "Germany"]
[Date "2011.10.23"]
[Round "2.7"]
[White "Kotz, Roland"]
[Black "Strnad, Alfred"]
[Result "1-0"]
[WhiteElo "1711"]
[BlackElo "1890"]
[PlyCount "45"]
[EventDate "2011.09.25"]
[EventType "team-tourn"]
[EventRounds "9"]
[EventCountry "GER"]
[SourceTitle "EXT 2013"]
[Source "ChessBase"]
[SourceDate "2012.11.22"]
[SourceVersion "1"]
[SourceVersionDate "2012.11.22"]
[SourceQuality "1"]
[WhiteTeam "Kirchehrenbach/Ebermannstadt"]
[BlackTeam "Heideck/Hilpoltstein"]
[WhiteTeamCountry "GER"]
[BlackTeamCountry "GER"]

1. f4 e5 2. fxe5 d6 3. Nf3 Bg4 4. e4 dxe5 5. Bc4 Nf6 6. Bxf7+ Ke7 7. Bb3 Nc6 8. d3 Nd4 9. Be3 Ke8 10. Bxd4 exd4 11. 0-0 Qd7 12. Qe1 Bc5 13. Ne5 Qe7 14. Nxg4 Nxg4 15. Qg3 Ne5 16. Nd2 Bd6 17. Qh3 Qd7 18. Be6 Qb5 19. Nc4 Nxc4 20. Bxc4 Qxb2 21. Rab1 Qxc2 22. Rxb7 Kd8 23. Bb5 1-0

[Event "Mittelfranken-chTB2a 1011"]
[Site "Germany"]
[Date "2010.12.05"]
[Round "4.7"]
[White "Kotz, Roland"]
[Black "Weigel, Herbert"]
[Result "1/2-1/2"]
[WhiteElo "1724"]
[BlackElo "1926"]
[PlyCount "81"]
[EventDate "2010.09.26"]
[EventType "team-tourn"]
[EventRounds "9"]
[EventCountry "GER"]
[SourceTitle "EXT 2012"]
[Source "ChessBase"]
[SourceDate "2011.11.24"]
[SourceVersion "1"]
[SourceVersionDate "2011.11.24"]
[SourceQuality "1"]
[WhiteTeam "Kirchehrenbach/Ebermannstadt"]
[BlackTeam "Zirndorf II"]
[WhiteTeamCountry "GER"]
[BlackTeamCountry "GER"]

1. f4 Nf6 2. Nf3 c5 3. e3 d5 4. Bb5+ Nbd7 5. b3 e6 6. Bb2 Be7 7. 0-0 0-0 8. Bxd7 Nxd7 9. Qe1 b5 10. Qg3 Bf6 11. Ne5 g6 12. Nc6 Qc7 13. Bxf6 Nxf6 14. Ne5 a5 15. d3 Kg7 16. Nd2 c4 17. Ndf3 Ba6 18. Nh4 Nh5 19. Qf3 Bb7 20. d4 Qe7 21. g3 f6 22. Ng4 e5 23. f5 exd4 24. fxg6 Bc8 25. gxh7 Kxh7 26. exd4 Bxg4 27. Qxg4 Qe3+ 28. Rf2 Qg5 29. Qd7+ Ng7 30. Qxb5 cxb3 31. cxb3 Rae8 32. Qxa5 Qe3 33. Qxd5 Re4 34. Raf1 Rxd4 35. Nf5 Qxf2+ 36. Rxf2 Rxd5 37. Ne7 Rd3 38. b4 Re8 39. Nc6 Rd1+ 40. Kg2 Re4 41. Rxf6 1/2-1/2

[Event "Mittelfranken-chTB2a 0910"]
[Site "Mittelfranken"]
[Date "2010.01.31"]
[Round "6.8"]
[White "Gueldner, Udo"]
[Black "Kotz, Roland"]
[Result "1-0"]
[WhiteElo "1790"]
[BlackElo "1630"]
[PlyCount "99"]
[EventDate "2009.10.11"]
[EventType "team-tourn"]
[EventRounds "9"]
[EventCountry "GER"]
[SourceTitle "EXT 2011"]
[Source "ChessBase"]
[SourceDate "2010.11.26"]
[SourceVersion "1"]
[SourceVersionDate "2010.11.26"]
[SourceQuality "1"]
[WhiteTeam "Forchheim III"]
[BlackTeam "Kirchehrenbach"]
[WhiteTeamCountry "GER"]
[BlackTeamCountry "GER"]

1. d4 f5 2. Nf3 Nf6 3. c4 e6 4. Nc3 Bb4 5. Bd2 0-0 6. g3 b6 7. Bg2 Bb7 8. 0-0 Qe8 9. Nb5 Bxd2 10. Qxd2 Qd8 11. Rfd1 a6 12. Nc3 Ne4 13. Nxe4 Bxe4 14. d5 exd5 15. cxd5 d6 16. Nd4 Qf6 17. Ne6 Rf7 18. f3 f4 19. fxe4 fxg3 20. Rf1 gxh2+ 21. Kh1 Qe5 22. Rxf7 Kxf7 23. Rf1+ Ke7 24. Qg5+ Qxg5 25. Nxg5 h6 26. Ne6 Nd7 27. Nxg7 Nf6 28. Nf5+ Kf7 29. Rc1 Ra7 30. Bf3 Kg6 31. Kxh2 Nxd5 32. Nxd6 Nf6 33. Rg1+ Kh7 34. Nf5 c5 35. e5 Ng8 36. Bd5 Ra8 37. Nd6 Rf8 38. Be4+ Kh8 39. Rg6 b5 40. e6 Ne7 41. Rxh6+ Kg7 42. Rh7+ Kf6 43. Rf7+ Rxf7 44. exf7 Kg7 45. Kg2 c4 46. Kf1 b4 47. Ke1 a5 48. Kd1 Kf8 49. Kc2 a4 50. a3 1-0